书目信息 |
| 题名: |
太阳能光伏发电系统工程
|
|
| 作者: | 李安定 , 吕全亚 编著 | |
| 分册: | 2 | |
| 出版信息: | 北京 化学工业出版社 2016 |
|
| 页数: | 402页 | |
| 开本: | 26cm | |
| 丛书名: | ||
| 单 册: | ||
| 中图分类: | TM615 | |
| 科图分类: | ||
| 主题词: | 太阳能发电--Tai Yang Neng Fa Dian | |
| 电子资源: | ||
| ISBN: | 978-7-122-24883-1 | |
| 000 | 01380nam0 2200277 450 | |
| 001 | 1659398218 | |
| 005 | 20161003184251.51 | |
| 010 | @a978-7-122-24883-1@dCNY98.00 | |
| 100 | @a20160119d2016 em y0chiy0120 ea | |
| 101 | 0 | @achi |
| 102 | @aCN@b110000 | |
| 105 | @aak a 000yy | |
| 106 | @ar | |
| 200 | 1 | @a太阳能光伏发电系统工程@ATai Yang Neng Guang Fu Fa Dian Xi Tong Gong Cheng@h2@f李安定, 吕全亚编著 |
| 205 | @a第2版 | |
| 210 | @a北京@c化学工业出版社@d2016 | |
| 215 | @a402页@c图@d26cm | |
| 320 | @a有书目 | |
| 330 | @a全书分为上、下两篇,上篇为基础篇,下篇为应用篇。上篇系统阐明太阳辐射能的特点、测量和计算;光伏发电系统工作原理、构成及其分类;光伏发电系统的设计原理和方法,以及地面大型集中式并网光伏电站、屋顶并网光伏发电系统与独立光伏发电系统的设计应用;光伏发电系统构成的主要和关键部件,即太阳电池、逆变器、控制器、储能装置、直流汇流和交流配电系统以及监控测试系统、辅助电源、整流充电设备、升压变压器等辅助设备的必备知识。下篇则详细介绍太阳能光伏发电系统工程具体应用内容,重点介绍典型案例与分析,以飨读者。 | |
| 333 | @a本书是广大太阳能光伏发电设计与科研人员、生产人员、管理人员及施工建设人员的读物,也可作为高等院校相关专业师生的教学参考书。 | |
| 606 | 0 | @a太阳能发电@ATai Yang Neng Fa Dian |
| 690 | @aTM615@v5 | |
| 701 | 0 | @a李安定@ALi An Ding@4编著 |
| 701 | 0 | @a吕全亚@ALu^ Quan Ya@4编著 |
| 801 | 0 | @aCN@b江苏新华@c20150511 |
| 905 | @aBZT@dTM615@e2-2 | |
| 太阳能光伏发电系统工程.2/李安定, 吕全亚编著.-第2版.-北京:化学工业出版社,2016 |
| 402页:图;26cm |
| 使用对象:本书是广大太阳能光伏发电设计与科研人员、生产人员、管理人员及施工建设人员的读物,也可作为高等院校相关专业师生的教学参考书。 |
| ISBN 978-7-122-24883-1:CNY98.00 |
| 全书分为上、下两篇,上篇为基础篇,下篇为应用篇。上篇系统阐明太阳辐射能的特点、测量和计算;光伏发电系统工作原理、构成及其分类;光伏发电系统的设计原理和方法,以及地面大型集中式并网光伏电站、屋顶并网光伏发电系统与独立光伏发电系统的设计应用;光伏发电系统构成的主要和关键部件,即太阳电池、逆变器、控制器、储能装置、直流汇流和交流配电系统以及监控测试系统、辅助电源、整流充电设备、升压变压器等辅助设备的必备知识。下篇则详细介绍太阳能光伏发电系统工程具体应用内容,重点介绍典型案例与分析,以飨读者。 |
| ● |
| 相关链接 |
|
|
|
正题名:太阳能光伏发电系统工程
索取号:TM615/2-2
 
预约/预借
| 序号 | 登录号 | 条形码 | 馆藏地/架位号 | 状态 | 备注 |
| 1 | 797072 | 2000797072 | 第二书库/ [索取号:TM615/2-2] | 在馆 | |
| 2 | 797073 | 2000797073 | 第二书库/ [索取号:TM615/2-2] | 在馆 | |
| 3 | 797074 | 2000797074 | 第二书库/ [索取号:TM615/2-2] | 在馆 |